The History of the Rating Diploma 1919-2022 (Record no. 121382)

MARC details
000 -LEADER
fixed length control field 00642nam a22002057a 4500
008 - FIXED-LENGTH DATA ELEMENTS--GENERAL INFORMATION
fixed length control field 230228b2022 xxk||||| |||| 00| 0 eng d
041 ## - LANGUAGE CODE
Language code of text/sound track or separate title eng
245 ## - TITLE STATEMENT
Title The History of the Rating Diploma 1919-2022
250 ## - EDITION
Edition statement 2nd
260 ## - PUBLICATION INFORMATION
Publisher Royal Institution of Chartered Surveyors Rating Diploma Holders' Section,
Date 2022
300 ## - PHYSICAL DESCRIPTION
Physical description 167p.
500 ## - GENERAL NOTE
General note Donated to the RICS library by the Rating Diploma Holders' Section
650 ## - KEYWORDS
Keywords RATING VALUATION
650 ## - KEYWORDS
Keywords RATING DIPLOMA
651 ## - SUBJECT ADDED ENTRY--GEOGRAPHIC NAME
Geographic name United Kingdom
700 ## - ADDED PERSONAL NAME
Added personal author Walter, Kurt
700 ## - ADDED PERSONAL NAME
Added personal author Bond, Patrick
710 ## - ADDED CORPORATE NAME
Added corporate author RICS Rating Diploma Holders' Section
942 ## - ADDED ENTRY ELEMENTS (KOHA)
Suppress in OPAC Do not suppress in OPAC
Holdings
Lost status Damaged status Not for loan Home library Current library Shelving location Date acquired Source of acquisition Total Checkouts Date last seen Price effective from Koha item type
      London London Surveying Profession history 28/02/2023 Donated   28/02/2023 28/02/2023 Book